侍ジャパン 東京オリンピック メンバー - Statistics

General Stats
  • This quiz has been taken 564 times
  • The average score is 18 of 24
Answer Stats
チーム 背番号 選手名 % Correct
ヤクルト 1 山田哲人
92%
ヤクルト 55 村上宗隆
90%
ソフトバンク 10 甲斐拓也
88%
巨人 6 坂本勇人
88%
西武 2 源田壮亮
85%
広島 51 鈴木誠也
84%
オリックス 17 山本由伸
83%
楽天 3 浅村栄斗
82%
日本ハム 8 近藤健介
82%
広島 4 菊池涼介
81%
阪神 7 梅野隆太郎
79%
ソフトバンク 9 柳田祐樹
79%
オリックス 34 吉田正尚
79%
日本ハム 16 伊藤大海
74%
楽天 18 田中将大
73%
中日 22 大野雄大
72%
西武 61 平良海馬
72%
阪神 12 青柳晃洋
71%
広島 20 栗林良吏
68%
阪神 13 岩崎優
66%
DeNA 19 山﨑康晃
64%
ソフトバンク 21 千賀滉大
64%
広島 15 森下暢仁
60%
ソフトバンク 31 栗原陵矢
53%
No matching quizzes found
Score Distribution
Percent of People with Each Score
Percentile by Number Answered
Your Score History
You have not taken this quiz